[Event "Elit(Wasa-Farsta)"]
[Site "?"]
[Date "2010.03.13"]
[Round "10"]
[White "Jaderberg, Bjorn"]
[Black "Collett, Peter"]
[Result "0-1"]
[WhiteElo "2172"]
[BlackElo "2243"]
[PlyCount "78"]
[EventDate "2010.??.??"]

1. c4 c5 2. Nf3 Nc6 3. g3 g6 4. Bg2 Bg7 5. Nc3 e5 6. O-O d6 7. d3 Nge7 8. Nd5
Nxd5 9. cxd5 Nd4 10. e3 Nxf3+ 11. Bxf3 O-O 12. Rb1 a5 13. b3 b5 14. Bb2 f5 15.
Bg2 Bd7 16. f4 exf4 17. gxf4 Bxb2 18. Rxb2 Qf6 19. Qb1 b4 20. Rbf2 Bb5 21. Re1
a4 22. bxa4 Rxa4 23. Kh1 Ra3 24. Rd1 Rfa8 25. Bf1 Rc3 26. Rb2 Raa3 27. Rb3
Rcxb3 28. axb3 Qc3 29. e4 Rxb3 30. Qa2 Ra3 31. Qg2 Qf6 32. Re1 Qh4 33. Re3 Qxf4
34. Rf3 Qg4 35. Rg3 Qh5 36. Rh3 Qd1 37. exf5 Ra1 38. Rf3 Bxd3 39. fxg6 Qxf3 0-1

[Event "Elit(Wasa-Farsta)"]
[Site "?"]
[Date "2010.03.13"]
[Round "10"]
[White "Svensk, Ingemar"]
[Black "Hallerod, Ralph"]
[Result "1-0"]
[WhiteElo "2259"]
[BlackElo "2165"]
[PlyCount "45"]
[SourceDate "2010.03.18"]

1. Nf3 d5 2. g3 Nd7 3. c4 c6 4. cxd5 cxd5 5. d4 Ngf6 6. Nc3 e6 7. Bg2 Bb4 8.
Bd2 O-O 9. O-O b6 10. Qb3 Bxc3 11. Bxc3 a5 12. Nd2 Ba6 13. Rfe1 Rc8 14. a4 Rc7
15. e4 dxe4 16. Nxe4 Nxe4 17. Bxe4 Bc4 18. Qc2 Nf6 19. d5 Nxe4 20. Qxe4 Qxd5
21. Qf4 Rfc8 22. Rad1 Qf5 23. Qxc7 1-0

[Event "Elit(Wasa-Farsta)"]
[Site "?"]
[Date "2010.03.13"]
[Round "10"]
[White "Berkell, Peder"]
[Black "Iversen, Kent"]
[Result "1/2-1/2"]
[WhiteElo "2171"]
[BlackElo "2078"]
[PlyCount "29"]

1. f4 Nf6 2. Nf3 g6 3. g3 Bg7 4. Bg2 O-O 5. O-O d5 6. d3 c5 7. c3 Nc6 8. Na3
Qb6 9. Kh1 Rd8 10. Qe1 a6 11. e4 Bg4 12. h3 Bxf3 13. Bxf3 e6 14. e5 Ne8 15. Nc2
1/2-1/2

[Event "Elit(Eksjo-Upsala)"]
[Site "?"]
[Date "2010.03.13"]
[Round "10"]
[White "Johansson, Jan"]
[Black "Cicak, Slavko"]
[Result "1-0"]
[WhiteElo "2430"]
[BlackElo "2574"]
[PlyCount "57"]

1. d4 Nf6 2. Nf3 g6 3. c4 Bg7 4. Nc3 O-O 5. Bg5 c5 6. d5 h6 7. Bf4 d6 8. h3 Bf5
9. g4 Be4 10. Bg2 Qb6 11. Qd2 g5 12. Bg3 Qb4 13. h4 Qxc4 14. hxg5 hxg5 15. Qxg5
Bg6 16. Nh4 Bh7 17. Bf3 Re8 18. Nf5 Bxf5 19. Qxf5 Nfd7 20. Ne4 Qd4 21. Ng5 Qf6
22. Qh7+ Kf8 23. Qh5 Kg8 24. Ne6 Nf8 25. Be4 Nxe6 26. dxe6 Qxe6 27. Bd5 Qf6 28.
g5 Qf5 29. e4 1-0

[Event "Elit(Eksjo-Upsala)"]
[Site "?"]
[Date "2010.03.13"]
[Round "10"]
[White "de Verdier, Michael"]
[Black "Glimbrant, Torbjorn"]
[Result "1/2-1/2"]
[WhiteElo "2356"]
[BlackElo "2327"]
[PlyCount "67"]

1. d4 Nf6 2. Nf3 e6 3. c4 Bb4+ 4. Nbd2 b6 5. e3 O-O 6. Bd3 Bb7 7. O-O d5 8. a3
Be7 9. Qc2 Nbd7 10. e4 dxe4 11. Nxe4 Nxe4 12. Bxe4 Bxe4 13. Qxe4 Nf6 14. Qe2 c5
15. Rd1 cxd4 16. Rxd4 Qc8 17. Bg5 Rd8 18. Rad1 Rxd4 19. Rxd4 Qe8 20. Kf1 Rc8
21. Ne5 a6 22. Rd1 Rd8 23. Rxd8 Bxd8 24. Qd3 h6 25. Bd2 Bc7 26. Bc3 Qa4 27. h3
Bxe5 28. Bxe5 Nd7 29. Bc3 Qc6 30. Kg1 f6 31. Qg6 Nf8 32. Qd3 Nd7 33. Qg6 Nf8
34. Qd3 1/2-1/2

[Event "Elit(Eksjo-Upsala)"]
[Site "?"]
[Date "2010.03.13"]
[Round "10"]
[White "Andersson, Fredrik"]
[Black "Ornstein, Axel"]
[Result "1-0"]
[WhiteElo "2331"]
[BlackElo "2426"]
[PlyCount "67"]

1. d4 Nf6 2. c4 e6 3. Nf3 c5 4. d5 d6 5. Nc3 exd5 6. cxd5 g6 7. h3 a6 8. a4 Qe7
9. Bg5 Bg7 10. e3 O-O 11. Be2 h6 12. Bf4 Bf5 13. Nd2 Nbd7 14. O-O g5 15. Bg3
Ne5 16. a5 Nfd7 17. e4 Bh7 18. f4 gxf4 19. Bxf4 f5 20. exf5 Bxf5 21. Ra4 Ng6
22. Bg3 Bd4+ 23. Bf2 Rae8 24. Bf3 Bd3 25. Rxd4 cxd4 26. Re1 Nde5 27. Bxd4 Rxf3
28. Bxe5 Rf4 29. Bxf4 Qxe1+ 30. Qxe1 Rxe1+ 31. Kf2 Re8 32. Bxd6 Kf7 33. Nb3 Bc4
34. Nc5 1-0

[Event "Elit(Eksjo-Upsala)"]
[Site "?"]
[Date "2010.03.13"]
[Round "10"]
[White "Vernersson, Per"]
[Black "Burwick, Malte"]
[Result "1-0"]
[WhiteElo "2443"]
[BlackElo "2270"]
[PlyCount "129"]

1. Nf3 g6 2. d4 Bg7 3. e4 d6 4. Nc3 a6 5. a4 b6 6. Be2 e6 7. O-O Nd7 8. Bg5 Ne7
9. Qd2 h6 10. Be3 Bb7 11. Ne1 Nf6 12. f3 g5 13. Nd1 Ng6 14. c4 a5 15. Nd3 c5
16. d5 e5 17. Nc3 O-O 18. g3 Bc8 19. Kh1 Qe7 20. Rg1 Kh7 21. Nf2 Ne8 22. Bf1
Qf6 23. Qe2 Rg8 24. Bh3 Bf8 25. Bxc8 Rxc8 26. Raf1 Rc7 27. Bc1 Qd8 28. Qd1 Ng7
29. Nd3 Be7 30. Qb3 Ra7 31. Qc2 Bf6 32. Nb5 Rd7 33. Qg2 Rh8 34. Qh3 Kg8 35. f4
Re7 36. fxg5 Bxg5 37. Bxg5 hxg5 38. Qg4 Rd7 39. Rg2 Ne8 40. Rgf2 Rh7 41. Ne1
Kh8 42. Ng2 Rg7 43. Ne3 Kg8 44. Qe2 Nf8 45. Ng4 Rg6 46. Nc3 Nh7 47. Nd1 Nhf6
48. Nxf6+ Nxf6 49. Rf5 Ne8 50. Ne3 Ng7 51. R5f2 Rc7 52. Ng4 Ne8 53. Rf5 Kg7 54.
R1f2 Re7 55. Qf3 Qd7 56. Kg2 Qa7 57. Nf6 Nxf6 58. Rxf6 Qd7 59. Rxg6+ fxg6 60.
Qf6+ Kh6 61. Qh8+ Rh7 62. Qf8+ Kh5 63. h3 Qxa4 64. g4+ Kh4 65. Qf3 1-0

[Event "Elit(Eksjo-Upsala)"]
[Site "?"]
[Date "2010.03.13"]
[Round "10"]
[White "Lundvik, Jonas"]
[Black "Krantz, Christopher"]
[Result "0-1"]
[WhiteElo "2330"]
[BlackElo "2293"]
[PlyCount "90"]

1. d4 d5 2. Nf3 Nf6 3. g3 c5 4. Bg2 Nc6 5. O-O e6 6. c4 dxc4 7. Qa4 Bd7 8. Qxc4
cxd4 9. Nxd4 Rc8 10. Nc3 Nxd4 11. Qxd4 Bc5 12. Qh4 Bc6 13. Bg5 Bxg2 14. Kxg2
Qd4 15. Qxd4 Bxd4 16. Nb5 Bc5 17. Rac1 Ke7 18. Rc4 Bb6 19. Rfc1 Rxc4 20. Rxc4
Rd8 21. Kf3 Rd5 22. Bxf6+ Kxf6 23. Nc3 Rf5+ 24. Rf4 Rxf4+ 25. gxf4 Ke7 26. e3
f5 27. Ke2 h6 28. h3 a6 29. Nb1 Kd6 30. Nd2 Bd8 31. Kd3 Bf6 32. b3 b5 33. Nf3
Kc5 34. e4 fxe4+ 35. Kxe4 Kb4 36. Nd4 Bxd4 37. Kxd4 Ka3 38. Ke5 Kxa2 39. Kxe6
Kxb3 40. Kf7 a5 41. f5 a4 42. Kxg7 a3 43. f6 a2 44. f7 a1=Q+ 45. Kh7 Qf6 0-1

[Event "Elit(Eksjo-Upsala)"]
[Site "?"]
[Date "2010.03.13"]
[Round "10"]
[White "Thornert, Hakan"]
[Black "Johansson, Carl Fredrik"]
[Result "1-0"]
[WhiteElo "2215"]
[BlackElo "2249"]
[PlyCount "85"]

1. e4 c5 2. Nc3 Nc6 3. Nf3 g6 4. d4 cxd4 5. Nxd4 Bg7 6. Be3 Nf6 7. Bc4 O-O 8.
Bb3 d6 9. f3 Bd7 10. Qd2 Nxd4 11. Bxd4 b5 12. h4 a5 13. a4 bxa4 14. Nxa4 Rb8
15. h5 e5 16. hxg6 Rxb3 17. cxb3 exd4 18. gxh7+ Kh8 19. b4 axb4 20. Qxb4 Qa8
21. O-O Rb8 22. Qxd6 Bb5 23. Nc5 Qc6 24. Qxb8+ Kxh7 25. Rfc1 Bh6 26. Qh2 Kg6
27. Qg3+ Kh7 28. Qh3 Kg7 29. e5 Be3+ 30. Kh1 Nh7 31. f4 Qd5 32. Qg4+ Kh6 33. b4
Bxc1 34. Rxc1 Nf8 35. Qg5+ Kh7 36. Qf5+ Ng6 37. Ne4 Kg7 38. Qf6+ Kh6 39. Qg5+
Kg7 40. Nf6 Qe6 41. Ng4 Kg8 42. f5 Qe7 43. Rc8+ 1-0

[Event "Elit(Eksjo-Upsala)"]
[Site "?"]
[Date "2010.03.13"]
[Round "10"]
[White "Gustafsson, Olof"]
[Black "Lindberg, Henrik"]
[Result "1-0"]
[WhiteElo "2065"]
[BlackElo "2265"]
[PlyCount "71"]

1. e4 c5 2. Nc3 Nc6 3. g3 g6 4. Bg2 Bg7 5. d3 d6 6. f4 e6 7. Nf3 Nge7 8. Be3
Nd4 9. O-O O-O 10. Rb1 b6 11. Qd2 Bb7 12. Ne2 Nxe2+ 13. Qxe2 Qd7 14. Bd2 Nc6
15. Bc3 Nd4 16. Qf2 Rac8 17. Rbc1 Nxf3+ 18. Bxf3 Bxc3 19. bxc3 f5 20. exf5 gxf5
21. Rfe1 Rce8 22. Re2 Re7 23. Rce1 Rfe8 24. Qg2 Bxf3 25. Qxf3 Qa4 26. c4 Qa5
27. Qc6 Rd8 28. Kf1 Qxa2 29. Rxe6 Rxe6 30. Rxe6 Qxc2 31. Qd5 Kh8 32. Qxf5 Qb1+
33. Re1 Qb2 34. Re7 Qa1+ 35. Kg2 Qb2+ 36. Kh3 1-0

[Event "Elit(Wasa-Eksjo)"]
[Site "?"]
[Date "2010.03.14"]
[Round "11"]
[White "Cicak, Slavko"]
[Black "Lejlic, Samir"]
[Result "1-0"]
[WhiteElo "2574"]
[BlackElo "2341"]
[PlyCount "47"]

1. e4 e5 2. Nf3 Nc6 3. Bb5 a6 4. Ba4 d6 5. c4 Nf6 6. d4 Bd7 7. Nc3 Be7 8. Bxc6
Bxc6 9. Qe2 O-O 10. O-O exd4 11. Nxd4 Nd7 12. Be3 Bf6 13. f3 Re8 14. Qd2 Ne5
15. b3 Bd7 16. Rac1 c5 17. Nde2 b5 18. cxb5 axb5 19. Qxd6 b4 20. Nd5 Re6 21.
Qc7 Bg5 22. Rc2 Rea6 23. Bxc5 Rxa2 24. Rxa2 1-0

[Event "Elit(Wasa-Eksjo)"]
[Site "?"]
[Date "2010.03.14"]
[Round "11"]
[White "Astrom, Goran"]
[Black "Schussler, Harry"]
[Result "1/2-1/2"]
[WhiteElo "2299"]
[BlackElo "2441"]
[PlyCount "97"]

1. e4 g6 2. d4 Bg7 3. Nc3 d6 4. f4 Nc6 5. Be3 Nf6 6. Nf3 e6 7. Qd2 O-O 8. O-O-O
a6 9. e5 Nd5 10. Nxd5 exd5 11. Bd3 dxe5 12. fxe5 f6 13. exf6 Qxf6 14. Bg5 Qd6
15. Bh6 Nb4 16. Bxg7 Kxg7 17. c3 Nxd3+ 18. Qxd3 Bg4 19. Rdf1 Bxf3 20. Rxf3 Rxf3
21. Qxf3 Rf8 22. Qe3 Rf4 23. h3 Re4 24. Qf3 Qf4+ 25. Qxf4 Rxf4 26. Re1 Kf6 27.
Kd2 Rf2+ 28. Re2 Rf1 29. Kd3 c6 30. b3 Rd1+ 31. Kc2 Rg1 32. Kd3 Kg5 33. c4 Kf4
34. c5 h5 35. b4 Kg3 36. Re7 Rxg2 37. Rxb7 Kxh3 38. Rb6 g5 39. Rxc6 g4 40. Rxa6
g3 41. Rg6 Rb2 42. Kc3 Rb1 43. a4 g2 44. b5 Kh2 45. b6 g1=Q 46. Rxg1 Kxg1 47.
Kc2 Rb4 48. Kc3 Rb1 49. Kc2 1/2-1/2

[Event "Elit(Wasa-Eksjo)"]
[Site "?"]
[Date "2010.03.14"]
[Round "11"]
[White "Vernersson, Per"]
[Black "Wedberg, Tom"]
[Result "0-1"]
[WhiteElo "2443"]
[BlackElo "2560"]
[PlyCount "68"]

1. d4 Nf6 2. c4 e6 3. g3 c5 4. d5 exd5 5. cxd5 d6 6. Nc3 g6 7. Bg2 Bg7 8. Nf3
O-O 9. O-O a6 10. a4 Nbd7 11. a5 Rb8 12. h3 Re8 13. Nd2 b5 14. axb6 Nxb6 15. e4
Nfd7 16. Qc2 c4 17. Na4 Qc7 18. Nxb6 Nxb6 19. Kh2 f5 20. Ra3 Qc5 21. Qd1 Qb4
22. Ra2 a5 23. Re1 Qc5 24. exf5 Bxf5 25. Re3 Bd4 26. Ne4 Bxe4 27. Rxe4 Bxf2 28.
Bh6 Rxe4 29. Bxe4 Be3 30. Bxe3 Qxe3 31. Qg4 Re8 32. Bg2 Qd2 33. Ra1 Re2 34. Qf3
Nxd5 0-1

[Event "Elit(Wasa-Eksjo)"]
[Site "?"]
[Date "2010.03.14"]
[Round "11"]
[White "Collett, Peter"]
[Black "de Verdier, Michael"]
[Result "1/2-1/2"]
[WhiteElo "2172"]
[BlackElo "2356"]
[PlyCount "89"]

1. d4 e6 2. c4 Bb4+ 3. Bd2 c5 4. Bxb4 cxb4 5. g3 Nf6 6. Bg2 O-O 7. Nf3 d6 8.
O-O a5 9. a3 Na6 10. axb4 Nxb4 11. Nc3 b6 12. Re1 Ba6 13. b3 Rc8 14. Rc1 d5 15.
cxd5 Nfxd5 16. Nb1 Qd6 17. Qd2 Ne7 18. Ne5 Nec6 19. Nxc6 Nxc6 20. Red1 Rfd8 21.
d5 exd5 22. Bxd5 Qe7 23. e4 Ne5 24. Qe3 Qf6 25. h3 Rxc1 26. Rxc1 Rc8 27. Rxc8+
Bxc8 28. Kg2 g5 29. Nd2 Qh6 30. h4 b5 31. Qxg5+ Qxg5 32. hxg5 a4 33. bxa4 bxa4
34. Nb1 Bg4 35. f4 Nd3 36. e5 Nb4 37. Be4 Bd1 38. Na3 Bb3 39. Kf2 Nd5 40. Ke1
Ne3 41. Bd3 Kg7 42. Ke2 Nd5 43. Kd2 h6 44. gxh6+ Kxh6 45. Be4 1/2-1/2

[Event "Elit(Wasa-Eksjo)"]
[Site "?"]
[Date "2010.03.14"]
[Round "11"]
[White "Ornstein, Axel"]
[Black "Soderberg, Per"]
[Result "1-0"]
[WhiteElo "2426"]
[BlackElo "2209"]
[PlyCount "87"]

1. e4 c5 2. Nf3 d6 3. d4 cxd4 4. Nxd4 Nf6 5. Nc3 a6 6. a4 e5 7. Nf3 Be6 8. Ng5
Be7 9. Nxe6 fxe6 10. Bc4 Qc8 11. Ba2 Nc6 12. O-O O-O 13. Be3 Kh8 14. Qe2 Nb4
15. Bb3 d5 16. exd5 exd5 17. Bg5 d4 18. Ne4 Qf5 19. Bxf6 Bxf6 20. Rae1 Qd7 21.
c3 Nc6 22. Bc2 Rae8 23. Rd1 g6 24. Rd3 Bg7 25. h4 Rf4 26. h5 Qg4 27. Qxg4 Rxg4
28. Rh3 gxh5 29. Rxh5 h6 30. Nd6 Rf8 31. g3 Nd8 32. Kg2 Ne6 33. Rf5 Nd8 34. f3
Rxf5 35. Nxf5 Rg5 36. cxd4 exd4 37. Re1 Bf6 38. f4 Rg8 39. Nxh6 Rf8 40. Nf5 Kg8
41. g4 Kf7 42. g5 d3 43. Bxd3 Bxb2 44. Re7+ 1-0

[Event "Elit(Wasa-Eksjo)"]
[Site "?"]
[Date "2010.03.14"]
[Round "11"]
[White "Nordstrom, Felix"]
[Black "Thornert, Hakan"]
[Result "1/2-1/2"]
[WhiteElo "2191"]
[BlackElo "2215"]
[PlyCount "125"]

1. d4 d5 2. c4 e5 3. dxe5 d4 4. Nf3 Nc6 5. Bf4 Nge7 6. e4 Ng6 7. Bg3 Bg4 8. h3
Bxf3 9. gxf3 Bb4+ 10. Nd2 Ngxe5 11. f4 Nd7 12. Qf3 Bxd2+ 13. Kxd2 Qe7 14. Rd1
O-O-O 15. Kc1 Nc5 16. Bg2 Kb8 17. Rhe1 d3 18. Rd2 Qe6 19. Kb1 Qxc4 20. Rc1 Qb5
21. Qe3 Rd4 22. e5 Rhd8 23. Bh4 R8d7 24. Bxc6 bxc6 25. f3 Rc4 26. Rxc4 Qxc4 27.
Bf2 Rd5 28. f5 Qb4 29. e6 fxe6 30. fxe6 Nxe6 31. Rxd3 Rxd3 32. Qxa7+ Kc8 33.
Qa6+ Qb7 34. Qxd3 Qb5 35. Kc2 Ng5 36. f4 Qa4+ 37. Kd2 Qxf4+ 38. Be3 Qh2+ 39.
Kc3 Qe5+ 40. Qd4 Qxd4+ 41. Bxd4 Nxh3 42. Bxg7 Nf4 43. Bh6 Ne6 44. Kd3 Kd7 45.
Ke4 Kd6 46. b4 c5 47. bxc5+ Nxc5+ 48. Kd4 Ne6+ 49. Kc4 c5 50. a4 Kc6 51. a5 Nc7
52. Be3 Na6 53. Bh6 Nb8 54. Bf4 Nd7 55. a6 h5 56. Kd3 Kb6 57. Ke4 Kxa6 58. Kf5
Nf8 59. Bd6 h4 60. Kg4 c4 61. Bxf8 c3 62. Kxh4 c2 63. Bh6 1/2-1/2

[Event "Elit(Wasa-Eksjo)"]
[Site "?"]
[Date "2010.03.14"]
[Round "11"]
[White "Krantz, Christopher"]
[Black "Berkell, Peder"]
[Result "1-0"]
[WhiteElo "2293"]
[BlackElo "2171"]
[PlyCount "79"]

1. c4 f5 2. g3 Nf6 3. Bg2 g6 4. Nc3 Bg7 5. d3 O-O 6. e4 d6 7. Nge2 Nc6 8. O-O
e5 9. Nd5 Nh5 10. exf5 Bxf5 11. h3 Be6 12. Be3 Qd7 13. g4 Nf6 14. d4 Bxd5 15.
cxd5 Ne7 16. Qb3 Kh8 17. Rfc1 c6 18. dxc6 bxc6 19. dxe5 dxe5 20. Qa4 Nfd5 21.
Bxd5 Qxd5 22. Bc5 Rae8 23. Qxa7 Nc8 24. Qa5 Rf3 25. Rd1 Rd3 26. Nc3 Qf3 27.
Rxd3 Qxd3 28. Be3 h5 29. Rd1 Qc4 30. Rd8 Qg8 31. Bg5 hxg4 32. hxg4 Kh7 33. Qc7
Rxd8 34. Bxd8 Qe6 35. f3 e4 36. Nxe4 Kg8 37. Bg5 Be5 38. Qd8+ Kf7 39. Bh6 Bf6
40. Qf8# 1-0

[Event "Elit(Wasa-Eksjo)"]
[Site "?"]
[Date "2010.03.14"]
[Round "11"]
[White "Hallerod, Ralph"]
[Black "Gustafsson, Olof"]
[Result "1-0"]
[WhiteElo "2165"]
[BlackElo "2065"]
[PlyCount "89"]

1. d4 Nf6 2. c4 d5 3. cxd5 Qxd5 4. Nc3 Qa5 5. g3 e6 6. Nf3 Bd7 7. Bg2 Bc6 8.
O-O Nbd7 9. Qc2 Bb4 10. a3 Bxc3 11. Qxc3 Qd5 12. Ne1 Ne4 13. Qd3 O-O-O 14. f3
Nd6 15. e4 Qa5 16. b4 Qa4 17. Rf2 Nb6 18. Nc2 Bb5 19. Qc3 Bc4 20. Bf1 Nb5 21.
Qb2 Bxf1 22. Kxf1 Nxd4 23. Nxd4 Qd1+ 24. Kg2 Nc4 25. Qa2 Qxd4 26. Rc2 Ne3+ 27.
Bxe3 Qxe3 28. Rac1 Rd7 29. Qb2 Rhd8 30. Qxg7 c6 31. b5 f5 32. Qf6 fxe4 33. bxc6
exf3+ 34. Kh3 Rd5 35. cxb7+ Kxb7 36. Qe7+ R8d7 37. Rc7+ Rxc7 38. Qxc7+ Ka6 39.
Rc6+ Kb5 40. Qb7+ Qb6 41. Rxb6+ axb6 42. Qxh7 f2 43. Kg2 Rf5 44. Kf1 Ka4 45.
Qe7 1-0

[Event "Elit(Vasteras-LASK)"]
[Site "?"]
[Date "2010.03.14"]
[Round "11"]
[White "Smith, Axel"]
[Black "Eriksson, Anders"]
[Result "1-0"]
[WhiteElo "2516"]
[BlackElo "2362"]
[PlyCount "63"]

1. Nf3 Nf6 2. c4 c5 3. g3 b6 4. Bg2 Bb7 5. O-O e6 6. Nc3 Be7 7. d4 cxd4 8. Qxd4
d6 9. b3 O-O 10. Rd1 Nbd7 11. e4 Qb8 12. Ba3 Ne8 13. Qe3 a6 14. e5 Ra7 15. exd6
Nxd6 16. Qf4 Nc5 17. b4 Nce4 18. Nxe4 Nxe4 19. Qxb8 Rxb8 20. Rd7 Bf6 21. Re1
Nc3 22. Ne5 Bxe5 23. Rxe5 g6 24. Re1 Nxa2 25. Red1 Bxg2 26. Rxa7 Bc6 27. Rxa6
Be8 28. Ra1 Nc3 29. Bb2 Ne4 30. Ra8 Rxa8 31. Rxa8 Kf8 32. Bd4 1-0

[Event "Elit(Vasteras-LASK)"]
[Site "?"]
[Date "2010.03.14"]
[Round "11"]
[White "Akesson, Ralf"]
[Black "Tikkanen, Hans"]
[Result "1-0"]
[WhiteElo "2504"]
[BlackElo "2504"]
[PlyCount "166"]

1. d4 d5 2. c4 c6 3. Nc3 dxc4 4. e4 b5 5. a4 b4 6. Na2 Nf6 7. e5 Nd5 8. Bxc4 e6
9. Nf3 a5 10. Bg5 Qb6 11. Nc1 Ba6 12. Bxa6 Qxa6 13. Nb3 h6 14. Be3 Nd7 15. Qe2
c5 16. Qxa6 Rxa6 17. dxc5 Nxe3 18. fxe3 Nxc5 19. Nxc5 Bxc5 20. Rc1 Be7 21. Rc8+
Bd8 22. Ke2 O-O 23. Rd1 Be7 24. Rc7 Bd8 25. Rcd7 Ra8 26. R1d6 Rc8 27. Kd3 Bc7
28. Rc6 Bb8 29. Ra6 Rc5 30. Ke4 Bc7 31. Ra7 Rc8 32. Rb7 Kf8 33. g4 Ke8 34. Rd2
Rd8 35. Rxd8+ Kxd8 36. b3 Kc8 37. Rb5 Rxb5 38. axb5 Kb7 39. Kd4 Kb6 40. Kc4 g6
41. h4 Bb8 42. h5 gxh5 43. gxh5 Bc7 44. e4 Bb8 45. Nh2 Bxe5 46. Ng4 Bf4 47. e5
Bg5 48. Nf2 Bd2 49. Ng4 Bf4 50. Nf6 Bd2 51. Ng4 Bf4 52. Nf6 Bd2 53. Ng4 Bc1 54.
Nf6 Bf4 55. Ng4 Bg5 56. Nf2 f5 57. exf6 Bxf6 58. Nd3 Ba1 59. Nf4 e5 60. Nd5+
Kb7 61. Nf6 Kc7 62. Ne4 Bd4 63. Kd5 Kb7 64. Kc4 Kb6 65. Nf6 Bc3 66. Nd5+ Kb7
67. Nf6 Kc7 68. Ne4 Be1 69. Kc5 Bc3 70. b6+ Kb7 71. Kb5 Bd4 72. Nd6+ Kb8 73.
Kxa5 Bc5 74. Ne4 Be7 75. Ka6 Bf8 76. Nf6 Bd6 77. Ne4 Bf8 78. Nd2 Kc8 79. Nc4 e4
80. b7+ Kb8 81. Ne5 Kc7 82. Ka7 Kd6 83. b8=Q+ Ke6 1-0

[Event "Elit(Vasteras-LASK)"]
[Site "?"]
[Date "2010.03.14"]
[Round "11"]
[White "Grandelius, Nils"]
[Black "Norberg, Johan"]
[Result "1-0"]
[WhiteElo "2560"]
[BlackElo "2339"]
[PlyCount "49"]

1. e4 g6 2. d4 Bg7 3. Nc3 d6 4. f4 Nf6 5. Nf3 c5 6. Bb5+ Bd7 7. Bxd7+ Nfxd7 8.
d5 b5 9. Nxb5 Qa5+ 10. Nc3 Bxc3+ 11. bxc3 Qxc3+ 12. Bd2 Qc4 13. Qe2 Qxe2+ 14.
Kxe2 Nf6 15. Kd3 e6 16. c4 exd5 17. exd5 O-O 18. Rab1 Nbd7 19. Rb7 Nb6 20. Re1
Rfd8 21. Ree7 Rd7 22. Ng5 h6 23. Nxf7 Rxe7 24. Rxe7 Kf8 25. Rb7 1-0

[Event "Elit(Vasteras-LASK)"]
[Site "?"]
[Date "2010.03.14"]
[Round "11"]
[White "Nilsson, Andre"]
[Black "Semcesen, Daniel"]
[Result "0-1"]
[WhiteElo "2321"]
[BlackElo "2489"]
[PlyCount "52"]

1. g3 d5 2. Bg2 Nf6 3. d3 c6 4. Nd2 Bg4 5. h3 Bh5 6. g4 Bg6 7. f4 e6 8. e4 dxe4
9. dxe4 h6 10. f5 Bh7 11. Ngf3 Bc5 12. fxe6 fxe6 13. Qe2 Nbd7 14. a3 O-O 15. b4
Bb6 16. Bb2 a5 17. Qc4 axb4 18. axb4 Rxa1+ 19. Bxa1 Qe7 20. Ke2 Nd5 21. Bd4
Bxd4 22. Qxd4 Nxb4 23. c3 Na6 24. Nc4 Nac5 25. Nfe5 Nxe5 26. Qxe5 Rf2+ 0-1

[Event "Elit(Vasteras-LASK)"]
[Site "?"]
[Date "2010.03.14"]
[Round "11"]
[White "Bejtovic, Jasmin"]
[Black "Sandberg, Richard"]
[Result "0-1"]
[WhiteElo "2405"]
[BlackElo "2270"]
[PlyCount "66"]

1. e4 d6 2. d4 Nf6 3. Nc3 g6 4. f4 Bg7 5. e5 Nfd7 6. Nf3 c5 7. exd6 O-O 8. Be3
exd6 9. Qd2 Nc6 10. O-O-O Qa5 11. Kb1 Nf6 12. Bc4 Bg4 13. dxc5 dxc5 14. Nd5
Rae8 15. Rhe1 Qxd2 16. Rxd2 Ne4 17. Rdd1 Nd4 18. Bxd4 cxd4 19. Bb5 Bxf3 20.
Bxe8 Bxd1 21. Rxe4 Bg4 22. h3 Be6 23. Nc7 Bf5 24. Re1 d3 25. cxd3 Bxd3+ 26. Kc1
Bd4 27. Kd2 Bf2 28. Re5 Bf1 29. g4 Bxh3 30. g5 Bd4 31. Re7 Bxb2 32. Nd5 Kg7 33.
Rxb7 Rxe8 0-1

[Event "Elit(Vasteras-LASK)"]
[Site "?"]
[Date "2010.03.14"]
[Round "11"]
[White "Olsson, Linus"]
[Black "Brustkern, Jurgen"]
[Result "1/2-1/2"]
[WhiteElo "2351"]
[BlackElo "2305"]
[PlyCount "30"]

1. d4 d5 2. c4 Nc6 3. cxd5 Qxd5 4. e3 e5 5. Nc3 Bb4 6. Bd2 Bxc3 7. Bxc3 exd4 8.
Ne2 Nf6 9. Nxd4 O-O 10. Nxc6 Qxc6 11. Qf3 Nd5 12. Bd3 Be6 13. Bxh7+ Kxh7 14.
Qh5+ Kg8 15. Bxg7 Kxg7 1/2-1/2

[Event "Elit(Vasteras-LASK)"]
[Site "?"]
[Date "2010.03.14"]
[Round "11"]
[White "Janse, Rasmus"]
[Black "Nilsson, Sebastian"]
[Result "1/2-1/2"]
[WhiteElo "2241"]
[BlackElo "2381"]
[PlyCount "70"]

1. d4 Nf6 2. c4 g6 3. Nc3 Bg7 4. e4 d6 5. f4 O-O 6. Nf3 c5 7. dxc5 dxc5 8. Qxd8
Rxd8 9. Be3 b6 10. Rd1 Rxd1+ 11. Kxd1 Nc6 12. Bd3 Ng4 13. Ke2 Nxe3 14. Kxe3
Bd4+ 15. Ke2 Bg4 16. e5 Rd8 17. Rd1 Bxc3 18. bxc3 Na5 19. h3 Bxf3+ 20. gxf3 e6
21. Rd2 Kf8 22. Ke3 Ke7 23. Bf1 Rxd2 24. Kxd2 Kf8 25. Ke3 Kg7 26. Bd3 Kh6 27.
Kf2 Kh5 28. Kg3 Nc6 29. Be4 Ne7 30. Bc2 Kh6 31. Kg4 Nc6 32. Be4 Na5 33. Bd3 Nc6
34. Be4 Na5 35. Bd3 Nc6 1/2-1/2

[Event "Elit(Upsala-Manhem)"]
[Site "?"]
[Date "2010.03.14"]
[Round "11"]
[White "Akesson, Joel"]
[Black "Johansson, Jan"]
[Result "0-1"]
[WhiteElo "2377"]
[BlackElo "2430"]
[PlyCount "68"]
[EventDate "2010.??.??"]

1. d4 Nf6 2. Nf3 e6 3. c4 Bb4+ 4. Bd2 Qe7 5. g3 Nc6 6. Nc3 O-O 7. Bg2 d5 8.
cxd5 exd5 9. O-O h6 10. Re1 Bf5 11. Qb3 Rfd8 12. a3 Bxc3 13. Bxc3 Rab8 14. Rad1
Be4 15. Bh3 Nh7 16. Bg2 Nf6 17. Bh3 Nh7 18. Bg2 Qe6 19. Qa2 Ne7 20. Ba5 Rdc8
21. Rc1 c6 22. Bd2 Re8 23. b4 Rbc8 24. Qb2 a6 25. a4 Nf5 26. Bh3 Bxf3 27. exf3
Qf6 28. Re5 Nxd4 29. Qxd4 Rxe5 30. Bxc8 Re1+ 31. Rxe1 Qxd4 32. Re8+ Nf8 33. Bf4
Qxb4 34. a5 g5 0-1

[Event "Elit(Upsala-Manhem)"]
[Site "?"]
[Date "2010.03.14"]
[Round "11"]
[White "Andersson, Fredrik"]
[Black "Nithander, Victor"]
[Result "1/2-1/2"]
[WhiteElo "2331"]
[BlackElo "2489"]
[PlyCount "101"]

1. d4 Nf6 2. c4 g6 3. Nc3 Bg7 4. e4 d6 5. Nf3 O-O 6. Be2 Na6 7. O-O e5 8. Re1
c6 9. Bf1 exd4 10. Nxd4 Ng4 11. h3 Qb6 12. hxg4 Qxd4 13. g5 Qxd1 14. Rxd1 Nc5
15. f3 Be5 16. Be3 a5 17. Rac1 a4 18. Rc2 Be6 19. f4 Bxc3 20. Bxc5 dxc5 21.
Rxc3 Rfd8 22. Rxd8+ Rxd8 23. Bd3 Rd4 24. Kf2 b5 25. Ke3 Bxc4 26. Bxc4 bxc4 27.
Ra3 Kg7 28. Rxa4 Rd3+ 29. Ke2 Rd4 30. b3 Rxe4+ 31. Kf3 Rd4 32. Rxc4 Rd3+ 33.
Ke2 Rg3 34. Kf1 Rd3 35. Rxc5 Rd2 36. Rxc6 Rxa2 37. Rc7 Rb2 38. Rb7 h6 39. Kg1
hxg5 40. fxg5 Rd2 41. Rb5 Kf8 42. Re5 Rd4 43. Rb5 Ke7 44. Kf2 Rd2+ 45. Kf3 Ke6
46. b4 Rd4 47. Rb7 Rd5 48. Kf4 Rd4+ 49. Kg3 Rd3+ 50. Kh4 Rd4+ 51. Kg3 1/2-1/2

[Event "Elit(Upsala-Manhem)"]
[Site "?"]
[Date "2010.03.14"]
[Round "11"]
[White "Welin, Mats"]
[Black "Lundvik, Jonas"]
[Result "1-0"]
[WhiteElo "2357"]
[BlackElo "2330"]
[PlyCount "59"]

1. e4 e6 2. d4 d5 3. Nc3 Nf6 4. Bg5 dxe4 5. Nxe4 Be7 6. Bxf6 Bxf6 7. Nf3 b6 8.
Bc4 Bb7 9. Qe2 O-O 10. O-O-O Nd7 11. h4 c5 12. d5 exd5 13. Bxd5 Bxd5 14. Rxd5
Qc7 15. Qd3 Rad8 16. Nfg5 Rfe8 17. Nd6 Re5 18. Ngxf7 Qc6 19. Nxe5 Nxe5 20. Rxe5
Rxd6 21. Qc4+ Kf8 22. Re4 b5 23. Qe2 c4 24. Re1 Qc5 25. Re8+ Kf7 26. Rf8+ Kg6
27. Qg4+ Kh6 28. Qf4+ Kg6 29. g4 h5 30. Qe4+ 1-0

[Event "Elit(Upsala-Manhem)"]
[Site "?"]
[Date "2010.03.14"]
[Round "11"]
[White "Olausson, Claes-Goran"]
[Black "Burwick, Malte"]
[Result "1/2-1/2"]
[WhiteElo "2365"]
[BlackElo "2270"]
[PlyCount "81"]

1. Nf3 d6 2. d4 Nf6 3. g3 Nbd7 4. Bg2 e5 5. c4 c6 6. Nc3 Be7 7. Qc2 O-O 8. O-O
Ne8 9. Rd1 Qc7 10. e4 a5 11. h3 g6 12. Bh6 Ng7 13. Rac1 f5 14. exf5 gxf5 15. c5
exd4 16. cxd6 Qxd6 17. Bxg7 Kxg7 18. Nxd4 Qf6 19. Qe2 Ne5 20. Re1 Ng6 21. Rcd1
Qf7 22. f4 Bd7 23. h4 Bf6 24. Qc2 Rae8 25. Nb3 Rxe1+ 26. Rxe1 Re8 27. Rd1 Bc8
28. Nxa5 Qe7 29. Qf2 Qb4 30. Nb3 Bxc3 31. bxc3 Qxc3 32. Kh2 Qf6 33. Na5 Qc3 34.
Nb3 Nh8 35. Bf3 Nf7 36. Bh5 Re7 37. Bxf7 Kxf7 38. Rd2 Re3 39. Rc2 Qd3 40. Rd2
Qc3 41. Rc2 1/2-1/2